000 00961nam a2200253 4500
001 47385
003 BD-RjUL
005 20211209054314.0
008 160808s1958 ii 001 0 eng
035 _a(BD-RjUL)47504
040 _aDLC
_cCarP
_dBD-RjUL
_beng
041 _aeng
082 _223
_a343.540252
_bAGC 1958
100 1 1 _aAggarawala, Om Prakash
_d1905-
_9142190
245 1 1 _aCompulsory acquisition of land in India and Pakistan :
_bbeing an exhaustive, critical and analytical commentary on the Acquisition of land act, 1 of 1894 and allied acts /
_c Om Prakash, Aggarawala,
250 _a3rd ed.
260 _aAllahabad :
_bUniversity Book Agency,
_c1958
300 _axiii, 674 p. ;
_c25 cm.
650 0 _aEminent domain
_zIndia.
_9144146
710 1 _aPakistan.
_kLaws, statutes, etc.
_tLand acquisition act, 1894. [from old catalog]
_9144147
942 _2ddc
_cBK
999 _c47385
_d47385